| 000 | 01128nam a22002417a 4500 | ||
|---|---|---|---|
| 005 | 20250211154719.0 | ||
| 008 | 250211b |||||||| |||| 00| 0 hin d | ||
| 020 | _a978-81-940882-0-2 (hbk) | ||
| 037 | _cTB | ||
| 040 |
_aCRL _cCRL |
||
| 041 |
_2hin _ahin _ghin _hhin |
||
| 084 | _aO152k Q9.1-7 | ||
| 245 | _aहिंदी साहित्य ज्ञानकोश | ||
| 260 |
_aकोलकाता, भारत: _bभारतीय भाषा परिषद, _c2019. |
||
| 365 |
_b5000.00 _cINR |
||
| 440 | _vभाग 1 - 7 | ||
| 546 | _ahin | ||
| 650 |
_2हिन्दी _aहिन्दी ज्ञानकोश _9157954 |
||
| 700 | _aशंभुनाथ (प्रधान संपादक) | ||
| 700 |
_aत्रिपाठी, राधावल्लभ (संपादक) और अन्य _9734996 |
||
| 942 |
_2CC _cTB _hO152k Q9.1 _n0 |
||
| 999 |
_c1238395 _d1238395 |
||